| 000 | 00345nam a2200121Ia 4500 | ||
|---|---|---|---|
| 008 | 231129s9999||||xx |||||||||||||| ||spa|| | ||
| 040 | _bspa | ||
| 082 | _aU810.9 F654p | ||
| 100 | _aFoerster Norman | ||
| 245 | 0 | _aPanorama de las letras norteamericanas ; su literatura desde el puritanismo a nuestros dias | |
| 264 | _aNorma | ||
| 942 |
_2ddc _cBKS |
||
| 999 |
_c22358 _d22358 |
||